000 00885cam a2200229 a 4500
001 000006623
005 20200929153948.0
008 910624s1989 ck a b 001 0dspa
040 _aDO-SdBNP
_bspa
_cBNPHU
082 _aC866.3
_bI59e, 1989
110 2 _aInstituto Caro y Cuervo,Cuervo,
_918379
245 1 0 _aEpistolario de Rufino José Cuervo con corresponsales españoles /
_cpresentación y notas Carlos E. Mesa.
260 _aBogotá :
_bInstituto Caro y Cuervo,
_c1989.
300 _a712 p. :
_bil. ;
_c24 cm.
490 1 _aArchivo Epistolar Colombiano,
_v20
600 1 0 _aCUERVO, RUFINO JOSÉ,
_d1844-1911
_xCORRESPONDENCIA
_918380
650 4 _aAutores colombianos
_ySIGLO XIX
_xCorrespondencia
_918381
650 4 _aFilólogos
_918382
650 4 _aLiteratura colombiana
_ySIGLO XIX
_918383
700 1 _aMesa, Carlos E.
_918384
830 0 _aArchivo Epistolar Colombiano,
_v20
_918385
999 _c6413
_d6413